000 00817cam a22002651 4500
999 _c48489
_d48489
001 8432997
005 20191021110412.0
008 711229s1961 xx 000 0 eng
010 _a 61019397
035 _a(OCoLC)188343
040 _aDLC
_cOKentU
_dDLC
042 _apremarc
100 1 _aMoore, Shirley,
_eed.
245 1 0 _aWonderful world of science :
_cedited by Shirley Moore and Judith Viorst ; Introd. by Watson Davis. ; Illus. by Don Trawin.
260 _aNew York :
_bBantam Books,
_c[1961].
300 _a246 p. :
_billus. ;
_c18 cm.
336 _atext
337 _aunmediated
338 _avolume
650 0 _aScience
_xExperiments.
650 0 _aScientific recreations.
700 1 _aViorst, Judith,
_ejoint ed.
906 _a7
_bcbc
_coclcrpl
_du
_encip
_f19
_gy-gencatlg
942 _2lcc
_cBK